| 000 | 01839nam0a22004571 4500 | ||
|---|---|---|---|
| 001 | v19\rc\1348862 | ||
| 005 | 20260406095725.0 | ||
| 035 | _a(NLR Aleph) 004562128 | ||
| 090 |
_a2287520 _c2287520 |
||
| 100 | _a20060512d1862 |||y0rusy50 ca | ||
| 101 | 1 |
_arus _cfre |
|
| 102 | _aRU | ||
| 105 | _ay z |||e| | ||
| 200 | 1 |
_aМаркиз де-ла-Шетарди в России 1740-1742 годов _eперевод рукописных депеш французского посольства в Петербурге _fиздал с примеч. [вступ. статьей] и доп. П. Пекарский |
|
| 210 |
_aС.-Петербург _cтипография И. Огризко _d1862 |
||
| 215 |
_a[2], VI, XXII, 638 с. _d22 |
||
| 700 | 1 |
_9z01790 _aЛа Шетарди _bЖ. И. Т., де _f1705-1758 _gЖак Иоахим Тротти, де |
|
| 702 | 1 |
_4650 _4080 _4212 _8rus _7ca _aПекарский _bП. П. _f1827-1872 _gПетр Петрович _3RU\NLR\AUTH\7773421 _956349 |
|
| 790 | 1 |
_9z01700 _aЛаШетарди _bЖ.И.Т. де _f1705-1758 _gЖак Иоахим Тротти де |
|
| 790 | 1 |
_9z01700 _aШетарди _bЖ.И.Т., де-ла _f1705-1758 _gЖак Иоахим Тротти, де-ла |
|
| 801 | 0 |
_aRU _bNLR _gpsbo |
|
| 801 | 0 |
_aRU _bRuMoRGB _2psbo |
|
| 801 | 1 |
_aRU _bProSoft-M _2rusmarc |
|
| 801 | 2 |
_aRU _bNLR _c20131126 _2rusmarc |
|
| 852 |
_aNLR _j18.20.7.28 |
||
| 852 |
_aNLR _j105/190 |
||
| 852 |
_aNLR _bМф _jК1/9631 |
||
| 899 | _aБАН | ||
| 899 | _aГПИБ | ||
| 899 | _aНБ МГУ | ||
| 899 |
_aRuMoRGB _jОР |
||
| 899 |
_aRuMoRGB _jM 65/121 |
||
| 899 |
_aRuMoRGB _jT 58/141 |
||
| 899 |
_aRuMoRGB _jJ 34/32 |
||
| 899 |
_aRuMoRGB _jO 6/194 |
||
| 899 |
_aRuMoRGB _jМК |
||
| 899 |
_aRuMoRGB _jT 92/241 |
||
| 899 |
_aRuMoRGB _jT 113/64 |
||
| 899 |
_aRuMoRGB _jU 327/285 |
||
| 942 | _cBOOK | ||
| 980 | _aNB | ||